Gares du Petit Train Jaune - Carte quiz - Statistiques

Statistiques générales
  • Ce quiz a été pris 103 fois
  • Le résultat moyen est 8 sur 22
Réponses sur la Carte
Les réponses sont colorées sur une échelle allant du rouge au vert en fonction du pourcentage des utilisateurs qui les ont devinées à leur premier essai. Vous pouvez retrouver ces pourcentages ci-dessous.
 
Statistiques - réponses
Réponse % Correct
Villefranche-de-Conflent/Vernet-les-Bains
69%
Latour-de-Carol/Enveitg
60%
Font-Romeu/Odeillo/Via
49%
Bourg-Madame
42%
Mont-Louis/La Cabanasse
42%
Olette
37%
Serdinya
37%
Thuès/Carança
37%
Thuès-les-Bains
37%
Bolquère/Eyne
35%
Saillagouse
34%
Ur-les-Escalades
34%
Fontpédrouse/Saint-Thomas-les-Bains
31%
Béna/Fanès
29%
Estavar
29%
Joncet
29%
Osséja
29%
Sainte-Léocadie
29%
Sauto
29%
Err
28%
Planès
28%
Nyers
18%
Aucun quiz correspondant
Distribution des résultats
% des personnes avec chaque résultat
Percentile par nombre de réponses
Votre historique - résultats
Vous n’avez pas pris ce quiz